000 00612nam a2200193 a 4500
005 20140414132102.0
008 100722s19uu xx 00 eng d
020 _a978-1-59566-651-2
050 _aM 612.1
_bH58 2008
100 _aHewitt, Sally
245 _aMy heart and lungs.
260 _aLaguna Hills, CA :
_bQEB pub,
_c2008.
300 _a24 p.
440 _aQEB My body
500 _aIncludes index.
520 _a"An introduction to the heart and lungs and their functions within the human body"--Provided by publisher
650 _aCardiopolmunary system--Juvenile literature.
999 _c114506
_d114506